000 00303nam a22001337a 4500
008 170202b xxu||||| |||| 00| 0 eng d
020 _a9781933107790
041 _aeng
080 _25TH
_a61
100 _a3
101 _aSHM
245 _aNURSING LEADERSHIP AND MANAGEMENT
_cKNIPPA, A
942 _2udc
_cBK
999 _c4318
_d4318